[Event "SUI-ch op 122nd"]
[Site "Leukerbad"]
[Date "2023.07.18"]
[Round "4"]
[White "Paladini, Jean Michel"]
[Black "Aerni, Andreas"]
[Result "1-0"]
[WhiteElo "2029"]
[BlackElo "2173"]
[PlyCount "79"]
[EventDate "2023.07.07"]
[EventType "swiss"]
[EventRounds "9"]
[EventCountry "SUI"]
[SourceTitle "EXT 2024"]
[Source "ChessBase"]
[SourceDate "2023.10.10"]
[SourceVersion "1"]
[SourceVersionDate "2023.10.10"]
[SourceQuality "1"]

1. Nf3 d5 2. e3 c5 3. b3 Nf6 4. Bb2 e6 5. c4 Be7 6. Nc3 Nc6 7. cxd5 exd5 8. d4 0-0 9. Be2 Re8 10. 0-0 Bg4 11. dxc5 Bxc5 12. Rc1 Bf8 13. h3 Bh5 14. Nb5 Ne4 15. Nbd4 Rc8 16. a3 a5 17. g4 Bg6 18. Bb5 Nxd4 19. Qxd4 Rxc1 20. Rxc1 Re6 21. Be2 h5 22. Kg2 hxg4 23. hxg4 f5 24. gxf5 Bxf5 25. Rh1 Rg6+ 26. Kf1 Bg4 27. Bc4 Nc3 28. Ne5 Rd6 29. Qxg4 dxc4 30. Qxc4+ Nd5 31. e4 b5 32. Qxb5 Ne3+ 33. Ke2 Rb6 34. Qxa5 Qc7 35. Nc4 Nxc4 36. Qd5+ Qf7 37. Rh8+ Kxh8 38. Qxf7 Nxb2 39. Qxf8+ Kh7 40. Qf5+ 1-0

[Event "Basel Christmas op"]
[Site "Basel"]
[Date "2022.12.29"]
[Round "6"]
[White "Fischer, Sebastian"]
[Black "Aerni, Andreas"]
[Result "1-0"]
[WhiteElo "2296"]
[BlackElo "2157"]
[PlyCount "37"]
[EventDate "2022.12.26"]
[EventType "swiss"]
[EventRounds "9"]
[EventCountry "SUI"]
[SourceTitle "EXT 2024"]
[Source "ChessBase"]
[SourceDate "2023.10.10"]
[SourceVersion "1"]
[SourceVersionDate "2023.10.10"]
[SourceQuality "1"]

1. d4 d5 2. Nf3 e6 3. a3 Nf6 4. Bf4 c5 5. c3 Qb6 6. b4 cxb4 7. cxb4 a5 8. b5 Qxb5 9. Nc3 Qb6 10. Rb1 Qd8 11. Nb5 Na6 12. Rc1 Be7 13. Nc7+ Nxc7 14. Bxc7 Qd7 15. Ne5 Qb5 16. Rb1 Qa6 17. e3 Qa7 18. Bb6 Bb4+ 19. Rxb4 1-0

[Event "Basel Christmas op"]
[Site "Basel"]
[Date "2022.12.26"]
[Round "1"]
[White "Aerni, Andreas"]
[Black "Peng, Li Min"]
[Result "0-1"]
[WhiteElo "2157"]
[BlackElo "2511"]
[PlyCount "76"]
[EventDate "2022.12.26"]
[EventType "swiss"]
[EventRounds "9"]
[EventCountry "SUI"]
[SourceTitle "EXT 2024"]
[Source "ChessBase"]
[SourceDate "2023.10.10"]
[SourceVersion "1"]
[SourceVersionDate "2023.10.10"]
[SourceQuality "1"]

1. e4 Nc6 2. Nf3 d6 3. d4 Nf6 4. Nc3 g6 5. h3 Bg7 6. Bg5 0-0 7. Qd2 a6 8. 0-0-0 b5 9. Qe3 b4 10. Nd5 Re8 11. Nh2 Be6 12. Qf3 Nd7 13. Be3 Qb8 14. Ng4 Qa7 15. Nf4 Nxd4 16. Bxd4 Bxd4 17. Nxe6 fxe6 18. Bc4 Rf8 19. Bxe6+ Kg7 20. Qd3 c5 21. Qd2 Kh8 22. h4 Nf6 23. h5 g5 24. f3 Nxg4 25. Bxg4 h6 26. Qd3 Be5 27. Be6 a5 28. Bc4 a4 29. Qd5 a3 30. b3 Rae8 31. Qe6 Rf6 32. Qg4 Bf4+ 33. Kb1 e6 34. Rd3 Qg7 35. Rhd1 d5 36. Bb5 Rb8 37. Bc6 Rff8 38. c3 c4 0-1

[Event "Basel op"]
[Site "Basel"]
[Date "2016.01.04"]
[Round "5"]
[White "Heinatz, Maria"]
[Black "Aerni, Andreas"]
[Result "0-1"]
[WhiteElo "1997"]
[BlackElo "2178"]
[PlyCount "62"]
[EventDate "2016.01.01"]
[EventType "swiss"]
[EventRounds "7"]
[EventCountry "SUI"]
[SourceTitle "CBM 170 Extra"]
[Source "ChessBase"]
[SourceDate "2016.02.25"]
[SourceVersion "1"]
[SourceVersionDate "2016.02.25"]
[SourceQuality "1"]

1. e4 d5 2. exd5 Qxd5 3. Nc3 Qa5 4. d4 Nf6 5. Bc4 Nc6 6. Nge2 Be6 7. Bxe6 fxe6 8. 0-0 0-0-0 9. Qe1 e5 10. dxe5 Qxe5 11. Bf4 Qf5 12. a3 e5 13. Be3 h5 14. f4 Ng4 15. fxe5 Qxe5 16. Bf4 Bc5+ 17. Kh1 Qe6 18. b4 Bb6 19. Na4 Rhe8 20. Nxb6+ axb6 21. Nc3 Qc4 22. Qg3 Rf8 23. h3 g5 24. hxg4 gxf4 25. Qh3 hxg4 26. Qxg4+ Kb8 27. Ne2 Ne5 28. Qg5 Qxe2 29. Rfe1 Rh8+ 30. Kg1 Nf3+ 31. gxf3 Qxf3 0-1

[Event "Gibraltar Masters 11th"]
[Site "Caleta"]
[Date "2013.01.22"]
[Round "1"]
[White "Aerni, Andreas"]
[Black "Kamsky, Gata"]
[Result "1/2-1/2"]
[WhiteElo "2206"]
[BlackElo "2740"]
[PlyCount "48"]
[EventDate "2013.01.22"]
[EventType "swiss"]
[EventRounds "10"]
[EventCountry "GGB"]
[SourceTitle "CBM 153"]
[Source "ChessBase"]
[SourceDate "2013.03.14"]
[SourceVersion "1"]
[SourceVersionDate "2013.03.14"]
[SourceQuality "1"]

1. e4 c5 2. c3 Nf6 3. e5 Nd5 4. d4 cxd4 5. Nf3 Nc6 6. cxd4 d6 7. Bc4 Nb6 8. Bb5 Bd7 9. e6 Bxe6 10. Ng5 Bd5 11. Nc3 e6 12. 0-0 Be7 13. Qh5 Bxg5 14. Bxg5 Qd7 15. a4 a6 16. a5 axb5 17. axb6 0-0 18. Bf6 gxf6 19. Qg4+ Kh8 20. Nxd5 f5 21. Qh4 exd5 22. Qf6+ Kg8 23. Qg5+ Kh8 24. Qf6+ Kg8 1/2-1/2

[Event "Verbandsliga Sued Baden 1112"]
[Site "Germany"]
[Date "2011.11.27"]
[Round "3.2"]
[White "Aerni, Andreas"]
[Black "Eiler, Joerg"]
[Result "0-1"]
[WhiteElo "2182"]
[BlackElo "2147"]
[PlyCount "70"]
[EventDate "2011.10.09"]
[EventType "team-tourn"]
[EventRounds "9"]
[EventCountry "GER"]
[SourceTitle "EXT 2013"]
[Source "ChessBase"]
[SourceDate "2012.11.22"]
[SourceVersion "1"]
[SourceVersionDate "2012.11.22"]
[SourceQuality "1"]
[WhiteTeam "Brombach"]
[BlackTeam "Iffezheim"]
[WhiteTeamCountry "GER"]
[BlackTeamCountry "GER"]

1. e4 Nf6 2. Nc3 d5 3. e5 Ne4 4. Qf3 Nxc3 5. dxc3 c5 6. Bf4 Nc6 7. 0-0-0 Qa5 8. a3 Be6 9. Qe2 Qa4 10. Bg3 a6 11. Nf3 h6 12. Nd2 c4 13. Nf3 Rd8 14. Nd4 Nxd4 15. Rxd4 Bf5 16. f4 e6 17. Bh4 Rd7 18. Bf2 h5 19. h3 h4 20. Rd1 Be7 21. Rg1 g6 22. Bd4 b5 23. g3 hxg3 24. Rxg3 a5 25. Bg2 Rh4 26. Rf1 b4 27. cxb4 axb4 28. axb4 Bxb4 29. Kb1 Rb7 30. Rf2 Rb5 31. Qe3 Ra5 32. b3 Qa2+ 33. Kc1 Ba3+ 34. Kd1 Qb1+ 35. Ke2 Bb4 0-1

[Event "San Bernardino op 1st"]
[Site "San Bernardino"]
[Date "2011.07.01"]
[Round "3.3"]
[White "Paleologu, Vladimir"]
[Black "Aerni, Andreas"]
[Result "0-1"]
[WhiteElo "2152"]
[BlackElo "2163"]
[PlyCount "120"]
[EventDate "2011.06.29"]
[EventType "swiss"]
[EventRounds "5"]
[EventCountry "SUI"]
[SourceTitle "EXT 2012"]
[Source "ChessBase"]
[SourceDate "2011.11.24"]
[SourceVersion "1"]
[SourceVersionDate "2011.11.24"]
[SourceQuality "1"]

1. e4 e5 2. Nf3 Nc6 3. Bc4 Bc5 4. c3 Nf6 5. b4 Bb6 6. d3 d6 7. Nbd2 0-0 8. Bb3 a6 9. Nc4 Ba7 10. Bg5 Kh8 11. h3 Ne7 12. Bxf6 gxf6 13. g4 c6 14. Ne3 Ng6 15. Ng2 d5 16. Qe2 Be6 17. Nfh4 a5 18. 0-0 axb4 19. cxb4 Bd4 20. Rab1 Rg8 21. Kh1 Ra3 22. Qf3 Nf8 23. Ne3 dxe4 24. dxe4 Bxb3 25. axb3 Ne6 26. Nhf5 Ng5 27. Qg2 Bxe3 28. fxe3 Qd3 29. Rbd1 Qxe4 30. Qxe4 Nxe4 31. Rd7 Ra2 32. Nh6 Rga8 33. Nxf7+ Kg8 34. Kg1 Rb2 35. Rd8+ Rxd8 36. Nxd8 Rxb3 37. Rd1 Rxe3 38. Kg2 Rg3+ 39. Kh2 Rxh3+ 40. Kxh3 Nf2+ 41. Kg3 Nxd1 42. Nxb7 Nc3 43. Nd8 Ne2+ 44. Kf3 Nd4+ 45. Ke4 Kf8 46. g5 fxg5 47. Kxe5 Ke7 48. Nb7 Nc2 49. Kf5 h6 50. Nc5 Nxb4 51. Kg6 g4 52. Ne4 Ke6 53. Kxh6 Ke5 54. Ng3 Kf4 55. Nh5+ Kf3 56. Kg5 Nd5 57. Kf5 g3 58. Nxg3 Kxg3 59. Ke5 Ne7 60. Kd6 Kf4 0-1

[Event "San Bernardino op 1st"]
[Site "San Bernardino"]
[Date "2011.06.29"]
[Round "1.6"]
[White "Albicker, Laurenz"]
[Black "Aerni, Andreas"]
[Result "0-1"]
[WhiteElo "1526"]
[BlackElo "2163"]
[PlyCount "54"]
[EventDate "2011.06.29"]
[EventType "swiss"]
[EventRounds "5"]
[EventCountry "SUI"]
[SourceTitle "EXT 2012"]
[Source "ChessBase"]
[SourceDate "2011.11.24"]
[SourceVersion "1"]
[SourceVersionDate "2011.11.24"]
[SourceQuality "1"]

1. d4 d5 2. c4 e6 3. Nf3 Nf6 4. Nc3 Be7 5. e3 0-0 6. cxd5 exd5 7. Bd3 c6 8. 0-0 Nbd7 9. Bd2 Re8 10. Qc2 Bd6 11. Rfe1 Nf8 12. e4 dxe4 13. Nxe4 Nxe4 14. Rxe4 Rxe4 15. Bxe4 Be7 16. h3 Be6 17. b3 Bd5 18. Re1 Bf6 19. Qd3 Qd6 20. Bxd5 Qxd5 21. Qe4 Qxe4 22. Rxe4 Rd8 23. Be3 Ne6 24. Kf1 Rd5 25. Ke2 Kf8 26. g4 h5 27. Kd3 Nc5+ 0-1

[Event "FICGS class A 000088 email"]
[Site "FICGS email"]
[Date "2011.02.12"]
[Round "1"]
[White "Aerni, Andreas"]
[Black "Kokoryukin, Sergey"]
[Result "0-1"]
[WhiteElo "2059"]
[BlackElo "2095"]
[PlyCount "24"]
[EventDate "2011.??.??"]
[EventType "tourn (corr)"]
[EventRounds "6"]
[SourceTitle "Corr 2013"]
[Source "ChessBase"]
[SourceDate "2012.11.12"]
[SourceVersion "1"]
[SourceVersionDate "2012.11.12"]
[SourceQuality "1"]

1. e4 c5 2. c3 Nf6 3. e5 Nd5 4. Nf3 Nc6 5. d4 cxd4 6. cxd4 d6 7. Bc4 Nb6 8. Bb5 dxe5 9. Nxe5 Bd7 10. Nxd7 Qxd7 11. 0-0 e6 12. Nc3 Rd8 0-1

[Event "Gibraltar Masters 9th"]
[Site "Caleta"]
[Date "2011.01.29"]
[Round "5"]
[White "Aerni, Andreas"]
[Black "Stefanova, Antoaneta"]
[Result "1-0"]
[WhiteElo "2182"]
[BlackElo "2546"]
[PlyCount "75"]
[EventDate "2011.01.25"]
[EventType "swiss"]
[EventRounds "10"]
[EventCountry "GGB"]
[SourceTitle "CBM 141"]
[Source "ChessBase"]
[SourceDate "2011.03.17"]
[SourceVersion "1"]
[SourceVersionDate "2011.03.17"]
[SourceQuality "1"]

1. e4 e5 2. Nf3 Nc6 3. Nc3 Nf6 4. d4 exd4 5. Nxd4 Bb4 6. Nxc6 bxc6 7. Bd3 d6 8. 0-0 Ng4 9. h3 Ne5 10. f4 Nxd3 11. Qxd3 a5 12. Qg3 Qf6 13. f5 Bc5+ 14. Kh1 Bd4 15. Bg5 Qe5 16. Bf4 Qc5 17. e5 Ba6 18. exd6 Bxf1 19. Re1+ Kf8 20. Rxf1 Qxf5 21. Qf3 g5 22. Qxc6 Kg7 23. Qc4 c5 24. Be3 Qxf1+ 25. Qxf1 Bxe3 26. Qf5 Rhe8 27. Ne4 Bf4 28. g3 Bc1 29. d7 Re6 30. Nxg5 Re1+ 31. Kg2 Bxb2 32. Qxf7+ Kh6 33. Ne6 Re2+ 34. Kf3 Rxc2 35. d8Q Rxd8 36. Nxd8 Bd4 37. Qf4+ Kg7 38. Ne6+ 1-0

[Event "Gibraltar Masters 9th"]
[Site "Caleta"]
[Date "2011.01.28"]
[Round "4"]
[White "Gallagher, Joseph G"]
[Black "Aerni, Andreas"]
[Result "1-0"]
[WhiteElo "2501"]
[BlackElo "2182"]
[PlyCount "63"]
[EventDate "2011.01.25"]
[EventType "swiss"]
[EventRounds "10"]
[EventCountry "GGB"]
[SourceTitle "CBM 141"]
[Source "ChessBase"]
[SourceDate "2011.03.17"]
[SourceVersion "1"]
[SourceVersionDate "2011.03.17"]
[SourceQuality "1"]

1. e4 d5 2. exd5 Qxd5 3. Nc3 Qa5 4. d4 Nf6 5. Nf3 c6 6. Bc4 Bf5 7. Bd2 e6 8. Nd5 Qd8 9. Nxf6+ Qxf6 10. Qe2 Bg4 11. 0-0-0 Nd7 12. d5 cxd5 13. Bxd5 0-0-0 14. Qc4+ Bc5 15. Bxb7+ Kxb7 16. Qxg4 Nb6 17. Qe4+ Ka6 18. Bg5 Rxd1+ 19. Rxd1 Qg6 20. Qe2+ Kb7 21. Qb5 Rc8 22. Rd7+ Ka8 23. c3 Qf5 24. Qa6 Nxd7 25. Qxc8+ Nb8 26. Qc7 Bb6 27. Qg3 Na6 28. Qd6 Nc5 29. Qc6+ Kb8 30. Be7 Nd3+ 31. Kd2 Bc7 32. Bd6 1-0

[Event "Oberliga Baden 1011"]
[Site "Baden"]
[Date "2011.01.16"]
[Round "5.4"]
[White "Aerni, Andreas"]
[Black "Schulte, Torsten"]
[Result "1/2-1/2"]
[WhiteElo "2182"]
[BlackElo "2188"]
[PlyCount "137"]
[EventDate "2010.10.10"]
[EventType "team-tourn"]
[EventRounds "9"]
[EventCountry "GER"]
[SourceTitle "EXT 2012"]
[Source "ChessBase"]
[SourceDate "2011.11.24"]
[SourceVersion "1"]
[SourceVersionDate "2011.11.24"]
[SourceQuality "1"]
[WhiteTeam "Brombach"]
[BlackTeam "Eppingen II"]
[WhiteTeamCountry "GER"]
[BlackTeamCountry "GER"]

1. e4 e5 2. Nf3 Nc6 3. Nc3 Nf6 4. d4 exd4 5. Nxd4 Bb4 6. Nxc6 bxc6 7. Bd3 d5 8. exd5 cxd5 9. 0-0 0-0 10. Bg5 c6 11. Na4 h6 12. Bh4 Be6 13. c3 Be7 14. Qc2 Nh5 15. Bxe7 Qxe7 16. g3 Rae8 17. Qd2 Bh3 18. Rfe1 Qd6 19. Re3 Bd7 20. b4 Nf6 21. Rae1 Ng4 22. Rxe8 Rxe8 23. Rxe8+ Bxe8 24. Be2 Nf6 25. Qe3 Qe6 26. Qxe6 fxe6 27. f4 Kf7 28. Nc5 Ke7 29. Kf2 Kd6 30. Ke3 Bg6 31. Kd4 Bf5 32. a4 Bh3 33. Bf3 Bf5 34. h4 Bg4 35. Bxg4 Nxg4 36. c4 Nf6 37. Nd3 dxc4 38. Nc5 c3 39. Kxc3 Kd5 40. Kd3 e5 41. fxe5 Kxe5 42. Kc4 Nh5 43. g4 Nf6 44. g5 hxg5 45. hxg5 Nh7 46. Nd7+ Kd6 47. g6 Ng5 48. Nc5 Nf3 49. Nd3 Nh4 50. Nf4 Nf5 51. a5 Ne3+ 52. Kd4 Nc2+ 53. Kc3 Ne3 54. Nh5 Nf5 55. Kc4 Ne7 56. Nxg7 Nxg6 57. Nf5+ Kc7 58. Kd4 Nf8 59. Ng7 Kd6 60. Kc4 Nd7 61. Nf5+ Kc7 62. Ne7 Ne5+ 63. Kd4 Nd7 64. Nf5 Nb8 65. Ng7 Kd6 66. Kc4 Nd7 67. Ne8+ Ke7 68. Ng7 Kd6 69. Ne8+ 1/2-1/2

[Event "Basel Hilton op 13th"]
[Site "Basel"]
[Date "2011.01.02"]
[Round "4"]
[White "Aerni, Andreas"]
[Black "Bender, Dirk"]
[Result "0-1"]
[WhiteElo "2182"]
[BlackElo "2112"]
[PlyCount "52"]
[EventDate "2011.01.01"]
[EventType "swiss"]
[EventRounds "7"]
[EventCountry "SUI"]
[SourceTitle "EXT 2012"]
[Source "ChessBase"]
[SourceDate "2011.11.24"]
[SourceVersion "1"]
[SourceVersionDate "2011.11.24"]
[SourceQuality "1"]

1. e4 c5 2. c3 d6 3. d4 Nd7 4. Nf3 e6 5. Bd3 Be7 6. 0-0 Ngf6 7. Qe2 0-0 8. Rd1 Qc7 9. Bg5 e5 10. Nbd2 Re8 11. Nf1 Nf8 12. Bb5 Bd7 13. Bxd7 N6xd7 14. Bxe7 Rxe7 15. Ne3 Nf6 16. dxe5 dxe5 17. Nd5 Nxd5 18. exd5 Qd6 19. c4 f5 20. Rac1 e4 21. Nd2 Rae8 22. b4 Nd7 23. bxc5 Nxc5 24. Nf1 Qg6 25. Rc3 Nd3 26. Ne3 f4 0-1

[Event "Basel Hilton op 13th"]
[Site "Basel"]
[Date "2011.01.01"]
[Round "1"]
[White "Malakhatko, Vadim"]
[Black "Aerni, Andreas"]
[Result "1-0"]
[WhiteElo "2546"]
[BlackElo "2182"]
[PlyCount "103"]
[EventDate "2011.01.01"]
[EventType "swiss"]
[EventRounds "7"]
[EventCountry "SUI"]
[SourceTitle "EXT 2012"]
[Source "ChessBase"]
[SourceDate "2011.11.24"]
[SourceVersion "1"]
[SourceVersionDate "2011.11.24"]
[SourceQuality "1"]

1. d4 d5 2. c4 e6 3. Nf3 Nf6 4. Nc3 Be7 5. Bf4 0-0 6. a3 c5 7. dxc5 dxc4 8. e3 Nd5 9. Be5 Nc6 10. Bxc4 Nxe5 11. Bxd5 Nxf3+ 12. Bxf3 Bxc5 13. Qc2 Rb8 14. 0-0 b5 15. Rfd1 Qb6 16. a4 b4 17. Ne4 Be7 18. a5 Qb5 19. Nd6 Bxd6 20. Rxd6 Bb7 21. Be2 Qg5 22. Bf1 Rfc8 23. Qd2 h5 24. a6 Bd5 25. Rd7 Rd8 26. Rxd8+ Qxd8 27. Rc1 h4 28. h3 Qe7 29. e4 Ba8 30. Rc4 g6 31. e5 Kg7 32. Rg4 b3 33. Qf4 Rh8 34. Bc4 Bd5 35. Bd3 Qd8 36. Kh2 Qe7 37. Qe3 Rc8 38. Rf4 Qc5 39. Qe2 Qe7 40. Qd2 Rh8 41. Qe3 Rh5 42. Rg4 Rh8 43. Bc4 Rb8 44. Bxd5 exd5 45. Qd4 Rb6 46. Rxh4 Rxa6 47. Rg4 Qe6 48. f4 Rb6 49. Rg5 f5 50. g4 Qc8 51. e6+ Kh7 52. gxf5 1-0

[Event "SUI-ch op"]
[Site "Lenzerheide"]
[Date "2010.07.16"]
[Round "9"]
[White "Aerni, Andreas"]
[Black "Bigg, Andrew J"]
[Result "1/2-1/2"]
[WhiteElo "2127"]
[BlackElo "2312"]
[PlyCount "106"]
[EventDate "2010.07.08"]
[EventType "swiss"]
[EventRounds "9"]
[EventCountry "SUI"]
[SourceTitle "CBM 137 Extra"]
[Source "ChessBase"]
[SourceDate "2010.09.01"]
[SourceVersion "1"]
[SourceVersionDate "2010.09.01"]
[SourceQuality "1"]

1. e4 e6 2. d4 d5 3. Nc3 Bb4 4. e5 Ne7 5. a3 Bxc3+ 6. bxc3 c5 7. Qg4 Qc7 8. Bd2 Nbc6 9. Nf3 Ng6 10. h4 h5 11. Qh3 Bd7 12. Bd3 Nce7 13. Ng5 c4 14. Bxg6 Nxg6 15. Qf3 Ba4 16. Kd1 Qe7 17. Rb1 Rc8 18. g4 hxg4 19. Qxg4 Rc7 20. Rh3 Nf8 21. Re3 Kd7 22. Re2 b5 23. f4 g6 24. Nf3 Rh5 25. Qh3 Qxa3 26. Ng5 Kc6 27. Bc1 Qe7 28. Ra1 Nh7 29. Qg3 Rc8 30. Ba3 Qd7 31. Kd2 Rh8 32. Rh1 a5 33. Reh2 Qb7 34. Rb1 Qd7 35. Rbh1 Qe8 36. Qg4 Nf8 37. Rh3 Nd7 38. Bd6 Nb6 39. Qg3 Nc8 40. Nf3 Ne7 41. Bxe7 Qxe7 42. Ra1 Kb6 43. Qe1 Ka6 44. Qb1 g5 45. fxg5 Rxh4 46. Rxh4 Rxh4 47. Nxh4 Qxg5+ 48. Ke2 Qxh4 49. Rxa4 bxa4 50. Qb8 Qe7 51. Qa8+ Kb6 52. Qb8+ Qb7 53. Qf8 Qc7 1/2-1/2

[Event "SUI-ch op"]
[Site "Lenzerheide"]
[Date "2010.07.13"]
[Round "6"]
[White "Aerni, Andreas"]
[Black "Sher, Miron Naumovich"]
[Result "1/2-1/2"]
[WhiteElo "2127"]
[BlackElo "2419"]
[PlyCount "49"]
[EventDate "2010.07.08"]
[EventType "swiss"]
[EventRounds "9"]
[EventCountry "SUI"]
[SourceTitle "CBM 137 Extra"]
[Source "ChessBase"]
[SourceDate "2010.09.01"]
[SourceVersion "1"]
[SourceVersionDate "2010.09.01"]
[SourceQuality "1"]

1. e4 c5 2. Na3 g6 3. c3 Bg7 4. Nf3 d6 5. Bb5+ Nd7 6. 0-0 Ngf6 7. d3 0-0 8. Ng5 Nb6 9. f4 a6 10. Bc4 Nxc4 11. Nxc4 d5 12. Ne5 e6 13. Ng4 dxe4 14. Nxf6+ Bxf6 15. dxe4 b6 16. Qg4 Bb7 17. f5 exf5 18. exf5 Qd5 19. Qh3 h5 20. Qg3 Rad8 21. fxg6 fxg6 22. Ne6 Qxe6 23. Qxg6+ Kh8 24. Qh6+ Kg8 25. Qg6+ 1/2-1/2

[Event "Oslo Sveins op 3rd"]
[Site "Oslo"]
[Date "2010.06.21"]
[Round "6"]
[White "Aerni, Andreas"]
[Black "Bue, Gunnar"]
[Result "1-0"]
[WhiteElo "2145"]
[BlackElo "1857"]
[PlyCount "43"]
[EventDate "2010.06.18"]
[EventType "swiss"]
[EventRounds "9"]
[EventCountry "NOR"]
[SourceTitle "CBM 137 Extra"]
[Source "ChessBase"]
[SourceDate "2010.09.01"]
[SourceVersion "1"]
[SourceVersionDate "2010.09.01"]
[SourceQuality "1"]

1. e4 d6 2. d4 Nf6 3. Nc3 g6 4. f4 Bg7 5. Nf3 0-0 6. Be3 Nc6 7. Qd2 a6 8. h3 b5 9. Bd3 Bb7 10. f5 Nb4 11. Bh6 Nxd3+ 12. cxd3 c5 13. 0-0 cxd4 14. Ne2 d5 15. e5 Nd7 16. Bxg7 Kxg7 17. Nexd4 Nc5 18. Rac1 Rc8 19. Ng5 Qb6 20. Qf2 h6 21. Rxc5 hxg5 22. Rxc8 1-0

[Event "Stuttgart-chA int"]
[Site "Ditzingen"]
[Date "2010.05.16"]
[Round "7"]
[White "Maisch, Julian"]
[Black "Aerni, Andreas"]
[Result "0-1"]
[WhiteElo "1862"]
[BlackElo "2111"]
[PlyCount "76"]
[EventDate "2010.05.13"]
[EventType "swiss"]
[EventRounds "7"]
[EventCountry "GER"]
[SourceTitle "EXT 2018"]
[Source "ChessBase"]
[SourceDate "2017.10.13"]
[SourceVersion "1"]
[SourceVersionDate "2017.10.13"]
[SourceQuality "1"]

1. e4 d6 2. d4 Nf6 3. Nc3 g6 4. f4 Bg7 5. Nf3 c5 6. Bb5+ Bd7 7. e5 Ng4 8. e6 Bxb5 9. exf7+ Kf8 10. Nxb5 Qa5+ 11. Nc3 Nd7 12. 0-0 cxd4 13. Nxd4 Qc5 14. Qxg4 Bxd4+ 15. Kh1 Nf6 16. Qe6 Qf5 17. Qe2 Bxc3 18. bxc3 Kxf7 19. Rb1 b6 20. Qd3 Rac8 21. Bb2 Rc5 22. a3 h5 23. Rbe1 Rhc8 24. Rf3 Rb5 25. Bc1 Qxd3 26. Rxd3 Rb1 27. Kg1 Ne4 28. Rde3 d5 29. Kf1 e6 30. g3 Rc6 31. Rd3 Nxc3 32. Bd2 Rxe1+ 33. Kxe1 Ne4 34. c3 Rc4 35. Ke2 Ke7 36. Rf3 Kd6 37. Kd3 Nxd2 38. Kxd2 Ra4 0-1

[Event "Lenk op 22nd"]
[Site "Lenk"]
[Date "2010.04.05"]
[Round "7"]
[White "Aerni, Andreas"]
[Black "Bucher, Michael"]
[Result "1-0"]
[WhiteElo "2111"]
[BlackElo "2252"]
[PlyCount "43"]
[EventDate "2010.04.01"]
[EventType "swiss"]
[EventRounds "7"]
[EventCountry "SUI"]
[SourceTitle "CBM 135 Extra"]
[Source "ChessBase"]
[SourceDate "2010.05.04"]
[SourceVersion "1"]
[SourceVersionDate "2010.05.04"]
[SourceQuality "1"]

1. e4 c6 2. d4 d5 3. f3 e5 4. dxe5 Bc5 5. Nc3 Ne7 6. Bg5 Bxg1 7. Rxg1 Qb6 8. Rh1 Qxb2 9. Bd2 Qb6 10. exd5 Nxd5 11. Nxd5 cxd5 12. Rb1 Qc7 13. Bb4 Qxe5+ 14. Kf2 Nc6 15. Bb5 Be6 16. Re1 Qg5 17. Qd4 h5 18. c4 0-0-0 19. Bxc6 bxc6 20. Qxa7 Qh4+ 21. Kg1 dxc4 22. Bd6 1-0